000
00229nam a22000857a 4500
008
160711b xxu||||| |||| 00| 0 eng d
100
_9
2530
_a
CBSE
245
_a
Life Skills Class-VII
_b
A Teacher's Manual
260
_a
New Delhi
_b
CBSE
_c
2013
999
_c
2197
_d
2197